Online Catalogue and eLibrary

Globalization : (Record no. 2556)

MARC details
000 -LEADER
fixed length control field 00408nam a2200157Ia 4500
005 - DATE AND TIME OF LATEST TRANSACTION
control field 20240515021917.0
008 - FIXED-LENGTH DATA ELEMENTS--GENERAL INFORMATION
fixed length control field 240331s9999 xx 000 0 und d
082 ## - DDC Classification
Item Number - Author Mark GLO
Class No. 330
245 #0 - TITLE STATEMENT
Title Globalization :
Remainder of title the Imperial thrust of modernity
260 ## - PUBLICATION, DISTRIBUTION, ETC.
Place of publication, distribution, etc. Mumbai
Name of publisher, distributor, etc. Vikas Adhyayan Kendra
Date of publication, distribution, etc. 2002
300 ## - PHYSICAL DESCRIPTION
Extent (e.g. Volumes, Pages etc.) xvi, 117 p .,
650 ## - SUBJECT ADDED ENTRY--TOPICAL TERM
Topical term or geographic name entry element Social
650 ## - SUBJECT ADDED ENTRY--TOPICAL TERM
Topical term or geographic name entry element Economic
700 ## - ADDED ENTRY--PERSONAL NAME
Personal name Koshy, Ninan
Relator term (Role) Editor
942 ## - Koha item type (Biblio)
Koha item type Books in Stacks (Lending)
Holdings
Lost status Damaged status Collection code Home library Current library Shelving location Date acquired Full call number Accession Number Item type
    Lending WERC Library WERC Library Social Science Cupboard 03/31/2024 330 GLO 4752 Books in Stacks (Lending)

© WERC Library